00426cam a22000977a 4500008004000000082002300040245015900063260005300222300001000275700004300285180718b1979 xxu||||| |||| 00| 0 eng d aV432x54 In2n/suppl aFurther report of the Narmada water disputes tribunal under section of the inter-state water disputes act, 1956cby Narmada Water Disputes Tribunal, India aNew DelhibNarmada Water Disputes Tribunalc1979 a13+p. aIndia. Narmada Water Disputes Tribunal